Language Quiz

Random Language or French Quiz

Mr. and Mrs. in 10 European Languages Quiz Stats

Quiz Updated Jan 12, 2016

Also try: Hello, Goodbye
Challenge
Share
Tweet
Embed
Score 0/20 Timer 05:00
0 Plays Today
% Correct
Madame
88.8%
Señor
88.1%
Monsieur
87.9%
Señora
87.3%
Signor
82.9%
Frau
82.7%
Signora
81%
Herr
78%
Господин|Gospodin
77.6%
Senhora|Dona
74.6%
% Correct
Госпожа|Gospozha
74.2%
Senhor
74%
Κυρία|Kyría
72.7%
Κύριος|Kýrios
72%
Doamnă
57.3%
Herr
55.8%
Fru
53.6%
De heer|Meneer
49%
Domn
45.8%
Mevrouw
31.3%

You're not logged in!

Compare scores with friends on all Sporcle quizzes.
Sign Up with Email
OR
Log In

You Might Also Like...

Show Comments

Extras

Top Quizzes Today


Score Distribution

Your Account Isn't Verified!

In order to create a playlist on Sporcle, you need to verify the email address you used during registration. Go to your Sporcle Settings to finish the process.